| Tag |
First Indicator |
Second Indicator |
Subfields |
| LEADER |
00000cam a2200000 a 4500 |
| 001 |
in00001264521 |
| 005 |
20151004052156.0 |
| 008 |
950316s1995 nyu b 001 0 eng |
| 010 |
|
|
|a 95013358
|
| 020 |
|
|
|a 0521482259
|
| 035 |
|
|
|a (OCoLC)32275074
|
| 035 |
|
|
|9 AGW9532AM
|
| 040 |
|
|
|a DLC
|c DLC
|d TXA
|d UtOrBLW
|
| 043 |
|
|
|a a-cc---
|
| 049 |
|
|
|a TXAM
|
| 050 |
0 |
0 |
|a B5234.L485
|b H83 1995
|
| 082 |
0 |
0 |
|a 181/.112
|2 20
|
| 100 |
1 |
|
|a Huang, Jinxing.
|
| 245 |
1 |
0 |
|a Philosophy, philology, and politics in eighteenth-century China :
|b Li Fu and Lu-Wang school under the Chʻing /
|c Chin-shing Huang.
|
| 264 |
|
1 |
|a New York :
|b Cambridge University Press,
|c 1995.
|
| 300 |
|
|
|a xvii, 204 pages ;
|c 23 cm.
|
| 336 |
|
|
|a text
|b txt
|2 rdacontent
|
| 337 |
|
|
|a unmediated
|b n
|2 rdamedia
|
| 338 |
|
|
|a volume
|b nc
|2 rdacarrier
|
| 490 |
1 |
|
|a Cambridge studies in Chinese history, literature, and institutions
|
| 500 |
|
|
|a Originally presented as the author's thesis.
|
| 504 |
|
|
|a Includes bibliographical references(pages 185-193) and index.
|
| 600 |
1 |
0 |
|a Li, Fu,
|d 1673-1750.
|
| 650 |
|
0 |
|a Philosophy, Chinese
|y 1644-1912.
|
| 650 |
|
0 |
|a Neo-Confucianism.
|
| 650 |
|
0 |
|a Political science
|z China
|x Philosophy.
|
| 830 |
|
0 |
|a Cambridge studies in Chinese history, literature, and institutions.
|
| 999 |
|
|
|a MARS
|
| 999 |
f |
f |
|s f1750983-6624-3fd5-a6a3-50c804c82f19
|i fec01b50-0bb3-3364-ae23-6ad5be2509fe
|t 0
|
| 952 |
f |
f |
|p ric
|a Texas A&M University
|b Rellis Campus
|c Joint Library Facility
|d Remote Storage
|t 0
|e B5234.L485 H83 1995
|h Library of Congress classification
|i unmediated -- volume
|m A14819798895
|
| 998 |
f |
f |
|a B5234.L485 H83 1995
|t 0
|l Remote Storage
|